000 00593nam a2200205 a 4500
003 OSt
005 20140311163034.0
008 101005s19uu xx 00 eng d
020 _a9781605470870
050 _aRT 85.6
_b.Av96 2010
245 _aAvoiding Common Nursing Errors /
260 _aPhiladelphia :
_bLippincott Williams & Wilkins,
_c2010.
300 _a547 p. :
_c26 cm.
650 _aNursing-errors-Prevention.
_930690
700 _aeditors:Garber, Jeannie S.
_930691
700 _aGross, Monty
_930692
700 _aSlonim, Anthony
_930693
942 _cBK
_2lcc
999 _c39660
_d39660